书目信息 |
| 题名: |
稀土元素分析化学
|
|
| 作者: | 江祖成 著 | |
| 分册: | ||
| 出版信息: | 北京 科学出版社 1981.01 |
|
| 页数: | 495页 | |
| 开本: | 32开 | |
| 丛书名: | ||
| 单 册: | ||
| 中图分类: | O614.33 | |
| 科图分类: | ||
| 主题词: | 无机化学 | |
| 电子资源: | ||
| ISBN: | 7-03-007676-1 | |
| 000 | 00553nam0 2200193 45 | |
| 001 | 0008031128 | |
| 005 | 20000803111402.3 | |
| 010 | @a7-03-007676-1@d36.00元 | |
| 100 | @a20000803d1981 km y0chiy0120 ea | |
| 101 | 0 | @achi |
| 105 | @a z 000yy | |
| 200 | 1 | @a稀土元素分析化学@AXi Tu Yuan Su Fen Xi Hua Xue@f江祖成等著@FJiang Zu Cheng Deng Zhu |
| 210 | @a北京@c科学出版社@d1981.01 | |
| 215 | @a495页@d32开 | |
| 606 | 0 | @a无机化学 |
| 690 | @aO614.33@v3 | |
| 701 | 0 | @a江祖成@4著 |
| 801 | @aCN@bPftUser@c20000803 | |
| 905 | @b88473-477@dO614.33@eJ128=2@f5 | |
| 稀土元素分析化学/江祖成等著.-北京:科学出版社,1981.01 |
| 495页;32开 |
| ISBN 7-03-007676-1:36.00元 |
| ● |
| 相关链接 |
|
|
|
正题名:稀土元素分析化学
索取号:O614.33/J128=2
 
预约/预借
| 序号 | 登录号 | 条形码 | 馆藏地/架位号 | 状态 | 备注 |
| 1 | 88473 | 200884739 | 自科库401/401自科库 62排2列2层/ [索取号:O614.33/J128=2] | 在馆 | |
| 2 | 88474 | 200884748 | 自科库401/401自科库 62排2列2层/ [索取号:O614.33/J128=2] | 在馆 | |
| 3 | 88475 | 200884757 | 自科库401/401自科库 62排2列2层/ [索取号:O614.33/J128=2] | 在馆 | |
| 4 | 88476 | 200884766 | 自科库401/401自科库 62排2列2层/ [索取号:O614.33/J128=2] | 在馆 | |
| 5 | 88477 | 200884775 | 自科库401/401自科库 62排2列2层/ [索取号:O614.33/J128=2] | 在馆 |